000 00316nam a22001337a 4500
003 SGT
082 _aSOM 512.02
100 _aSOMASUNDARAM,R.M
245 _aDISCRETE MATHEMATICS STRUCTURES
260 _aNEW DELHI
_bPHI
_c2009
300 _a271
650 _aDISCRETE MATHEMATICS, MATHEMATICS
942 _2ddc
_cFPS
_05
999 _c10238
_d10238